Disney's Kills - Statistics

General Stats
  • This quiz has been taken 15 times
  • The average score is 12 of 43
Answer Stats
Dies In Answer % Correct
The Lion King Mufasa
100%
The Lion King Scar
100%
Beauty and the Beast Gaston
92%
The Little Mermaid Ursula
92%
Sleeping Beauty Maleficent
85%
Snow White and the Seven Dwarfs Evil Queen
62%
Tarzan Clayton
54%
The Hunchback of Notre Dame Claude Frollo
46%
Tangled Mother Gothel
38%
Mulan Shan Yu
31%
Wreck-It Ralph Turbo
31%
Oliver & Company Bill Skyes
23%
Aladin Gazeem
23%
Tarzan Kerchak
23%
The Great Mouse Detective Ratigan
23%
The Princess and the Frog Ray
23%
Tarzan Sabor
23%
Brother Bear Sitka
23%
Dinosaur Bruton
15%
Oliver & Company Desoto
15%
The Princess and the Frog Dr. Facilier
15%
Moana Grandma Tala
15%
The Black Cauldron Horned King
15%
Melody Time Johny Appleseed
15%
Frozen King Agnarr
15%
Pocahontas Kocoum
15%
Dinosaur Kron
15%
Treasure Planet Mr. Arrow
15%
Encanto Pedro Madrigal
15%
Frozen Queen Iduna
15%
Treasure Planet Scroop
15%
Big Hero 6 Tadashi Hamada
15%
Treasure Planet Billy Bones
8%
The Little Mermaid Floatsam
8%
The Little Mermaid Jetsam
8%
Atlantis: The Lost Empire Lyle Tiberius Rourke
8%
Moana Mata Visa
8%
The Rescuers Down Under Percival C. McCleath
8%
Oliver & Company Roscoe
8%
Make Mine Music Willie the Whale
8%
The Great Mouse Detective Bartholomew
0%
Atlantis: The Lost Empire Kashekim Nedakh
0%
Frozen 2 King Runeard
0%
No matching quizzes found
Score Distribution
Percent of People with Each Score
Percentile by Number Answered
Your Score History
You have not taken this quiz